All Nova Scotia MPs and Federal Ridings - Statistics

General Stats
  • This quiz has been taken 5 times
  • The average score is 18 of 22
Answer Stats
Riding/MP % Correct
Acadie—Annapolis
100%
Cape Breton—Canso—Antigonish
100%
Central Nova
100%
Chris d'Entremont
100%
Halifax
100%
Jaime Battiste
100%
Kings—Hants
100%
Kody Blois
100%
Sackville—Bedford—Preston
100%
Sean Fraser
100%
South Shore—St. Margarets
100%
Dartmouth—Cole Harbour
80%
Halifax West
80%
Jessica Fancy
80%
Sydney—Glace Bay
80%
Braedon Clark
60%
Cumberland—Colchester
60%
Darren Fisher
60%
Lena Metlege Diab
60%
Shannon Miedema
60%
Alana Hirtle
40%
Mike Kelloway
20%
No matching quizzes found
Score Distribution
Percent of People with Each Score
Percentile by Number Answered
Your Score History
You have not taken this quiz